Normal view MARC view

Entry Personal Name

Number of records used in: 2

001 - CONTROL NUMBER

  • control field: 1041044

003 - CONTROL NUMBER IDENTIFIER

  • control field: OSt

005 - DATE AND TIME OF LATEST TRANSACTION

  • control field: 20260121161151.0

008 - FIXED-LENGTH DATA ELEMENTS

  • fixed length control field: 260121|| aca||aabn | a|a d

040 ## - CATALOGING SOURCE

  • Original cataloging agency: OSt
  • Transcribing agency: OSt

100 ## - HEADING--PERSONAL NAME

  • Personal name: David Fraser

670 ## - SOURCE DATA FOUND

  • Source citation: Work cat.: (OSt)1607860: David Fraser, Nazi Antisemitism and Jewish Legal Self-Defense:The Turn to Law in Liberal Democracies, 1932–39
Copyright @ Delhi University Library System